000
00326nam a2200145Ia 4500
100
_a
Nizard/A.F.
942
_c
BK
654
_a
Programming
245
_a
Mathematical Methods & Programming
260
_b
Prentice Hall of India
_a
NewDelhi
_c
1998
082
_a
519.7
_b
NIZ
300
_a
275
546
_a
ENGLISH
999
_c
18091
_d
18091